|
|
|
|
| LEADER |
00926ncm a2200265 a 4500 |
| 001 |
000378473 |
| 003 |
CZ BrMZK |
| 005 |
20050307151731.0 |
| 008 |
010907s1995 xr f cze d |
| 028 |
0 |
3 |
|b Midi Music Studio
|
| 040 |
|
|
|a BOA001
|b cze
|
| 080 |
|
|
|a 788.8.087.2:785.6
|2 MRF
|
| 100 |
1 |
|
|a Koželuh, Jan Antonín,
|d 1738-1814
|7 jn20000401462
|4 cmp
|
| 245 |
1 |
0 |
|a Koncert pro fagot a orchestr
|h [hudebnina] /
|c J.A. Koželuh ; (rev. František Herman).
|
| 260 |
|
|
|a Rokycany :
|b Midi Music Studio,
|c c1995
|
| 300 |
|
|
|a 1 partitura ;
|c 30 cm +
|e 1 hlas
|
| 306 |
|
|
|a 000023
|
| 500 |
|
|
|a Text též angl.
|
| 500 |
|
|
|a 23:00.
|
| 653 |
0 |
|
|a fagotové koncerty
|
| 700 |
1 |
|
|a Herman, František,
|d 1942-
|7 jx20050418018
|4 adp
|
| 910 |
|
|
|a BOA001
|b Mus4-1071.058
|
| 964 |
|
|
|a Fagot a orchestr
|x koncerty
|x HUD
|
| 990 |
|
|
|a MU
|
| 996 |
6 |
|
|b 2610111504
|c Mus4-1071.058
|l MZK
|r Sklad / do 1 hodiny
|n 2
|p p.v.
|w 000378473
|u 000010
|a 1
|e BOA001
|j MZK50
|s P
|